00640 a2200205 4500999001700000003000500017005001700022008004100039020001500080020001800095082001300113100002900126245006300155250001200218260003900230300001100269700002900280942003100309952009400340 c29609d29609NUST20180118135954.0180118b xxu||||| |||| 00| 0 eng d a8121908698 a9788121908696 a620.10641 aRaisinghania, M.D.9877510aFluid dynamics :bwith hydrodynamics /cM.D. Raisinghania. a5th ed. a[S.l.] :bS Chand & Co Ltd,c2003. a872 p. aRaisinghania, M.D.98775 aSNScBKk620.1064 RAI2ddc 00104070aSNSbSNSd2016-05-26l0o620.1064 RAIpSNS0001168r2023-06-16w2016-05-26yBK